| 000 | 01060nam a22002652 4500 | ||
|---|---|---|---|
| 001 | 75388 | ||
| 003 | BD-RjUL | ||
| 005 | 20211209082700.0 | ||
| 008 | 940927r19611956enk 000 0 eng d | ||
| 035 | _a(BD-RjUL)75606 | ||
| 040 |
_aCVU _cCVU _dEQO _beng |
||
| 041 | _aeng | ||
| 082 |
_223 _a657.3 _bROH 1961 |
||
| 090 |
_aHF5686.H6 _bR6 1969 |
||
| 100 | 1 |
_aRobson, T. B. _q(Thomas Buston), _9229973 |
|
| 245 | 1 | 0 |
_aHolding companies and their subsidiaries, consolidated and other group accounts; principles and procedure./ _cThomas B. Robson |
| 250 | _a3rd ed.] | ||
| 260 |
_aLondon : _bGee, _c[1961] |
||
| 300 |
_a154 p. _c22 cm. |
||
| 500 | _aFirst ed. published 1946 under title: Consolidated accounts, principles and procedures; second ed. published 1950 under title: Consolidated and other group accounts, holding companies and their subsidiaries; principles and procedure. | ||
| 650 | 0 |
_aHolding companies _xAccounting. _9144954 |
|
| 650 | 0 |
_aHolding companies _zGreat Britain. _9144954 |
|
| 942 |
_2ddc _cBK |
||
| 999 |
_c75388 _d75388 |
||